Gerencia pública municipal : conceptos y estudios de caso /
Libro que pone de manifiesto el papel central que está desempeñando la administración municipal en nuestro país, en el contexto de una nueva relación del Estado con la ciudadanía y de la búsqueda de una mayor eficiencia en la gestión pública en general. Señala uno de los coordinadores que la adminis...
Guardado en:
| 主要作者: | |
|---|---|
| 其他作者: | |
| 格式: | 圖書 |
| 語言: | 西班牙语 |
| 出版: |
México :
CIDE : Miguel Angel Porrúa,
1999, c1999
|
| 叢編: | (Las Ciencias Sociales Miguel Angel Porrúa)
|
| 主題: | |
| 標簽: |
沒有標簽, 成為第一個標記此記錄!
|
MARC
| LEADER | 00000nam^a2200000^a^4500 | ||
|---|---|---|---|
| 001 | 000168328 | ||
| 005 | 20250521000000.0 | ||
| 009 | 20260310101158.231 | ||
| 020 | |a 968-842-898-1 | ||
| 037 | |a Acervo ITESO - Biblioteca | ||
| 041 | |a ESP | ||
| 082 | |a 350. 972 |b CAB | ||
| 100 | |a Cabrero Mendoza, Enrique |e (coord.) | ||
| 245 | 1 | 0 | |a Gerencia pública municipal : |b conceptos y estudios de caso / |c Coord. de E. Cabrero Mendoza, G. Nava Campos. |
| 264 | 4 | |a México : |b CIDE : |b Miguel Angel Porrúa, |c 1999, c1999 | |
| 300 | |a 575 p. | ||
| 336 | |a texto |b txt |2 rdacontenido | ||
| 337 | |a sin mediación |b n |2 rdamedio | ||
| 338 | |a volumen |b nc |2 rdasoporte | ||
| 440 | 4 | |a (Las Ciencias Sociales Miguel Angel Porrúa) | |
| 520 | |a Libro que pone de manifiesto el papel central que está desempeñando la administración municipal en nuestro país, en el contexto de una nueva relación del Estado con la ciudadanía y de la búsqueda de una mayor eficiencia en la gestión pública en general. Señala uno de los coordinadores que la administración del municipio se nutre menos de técnicas provenientes de la administración de empresas, que de un método de toma de decisiones centrada en la naturaleza pública y política del municipio. | ||
| 649 | |a XX | ||
| 650 | |a Municipios - |z México - |x Administración - |x Tema Principal | ||
| 650 | |a Reforma Administrativa - |z México | ||
| 650 | |a Cambio Organizacional - |z México | ||
| 650 | |a Toma de Decisiones - |z México | ||
| 650 | |a Proceso Administrativo - |x Dirección | ||
| 650 | |a Proceso Administrativo - |z México | ||
| 650 | |a Política Municipal - |z México | ||
| 650 | |a Política - |z México | ||
| 650 | |a Administración Pública - |x Estudio y Enseñanza | ||
| 650 | |a Administración Pública - |z México | ||
| 700 | |a Nava Campos, Gabriela |e (coordinación) | ||
| 910 | |a Fondo General | ||
| 920 | |a Impresos - Libros | ||
| 930 | |a Colección General | ||
| 905 | |a 101 | ||
| 901 | |a 0500044434 |b IT1 |c ACC |u 20250521 | ||
| 902 | |a https://opac.biblio.iteso.mx/vufind/Record/000168328 | ||